Normal view
MARC view
Entry Personal Name
001 - CONTROL NUMBER
- control field: 815785
003 - CONTROL NUMBER IDENTIFIER
- control field: OSt
005 - DATE AND TIME OF LATEST TRANSACTION
- control field: 20250716155142.0
008 - FIXED-LENGTH DATA ELEMENTS
- fixed length control field: 250716|| aca||aabn | a|a d
040 ## - CATALOGING SOURCE
- Original cataloging agency: OSt
- Transcribing agency: OSt
100 ## - HEADING--PERSONAL NAME
- Personal name: रेड्डी, तक्कोलु माचि
670 ## - SOURCE DATA FOUND
- Source citation: Work cat.: (OSt)1433700: रेड्डी, तक्कोलु माचि , हिन्दी और तेलुगु की आधुनिक कविता में बिम्ब - विधान , 1984.
